Biomechanics Vocabulary Quiz Stats

 Plays Quiz not verified by Sporcle

Challenge
Share
Tweet
Embed
Score 0/34 Timer 10:00
0 Plays Today
Question Answer % Correct
A fast young's modulus yields a what in friction (increase or decrease)Increase
75%
Viscoelasticity: Sudden application of stress causes a deformation that increases with timeCreep
50%
Proteins important for lubrication and spacingProteoglycans
50%
Rank tendons, ligaments, and skin in terms of organization (most to least)Tendons, Ligaments, Skin
50%
Ranks tendons, ligaments, and skin in terms of load bearing (most to least) Tendons, Ligaments, Skin
50%
Constitutive Behavior of Material: Linear/non-linear stress-strain relationshipLinearity
25%
Constitutive Behavior of Material: It does/does not dissipate energy as its loadedElasticity
25%
Constitutive Behavior of Material: Stress-strain behavior is independent/dependent of positionHomogeneity
25%
Constitutive Behavior of Material: Behavior does/does not depend on alignmentIsotropy
25%
Constitutive Behaviors of Materials (in order of LEHI)Linearity, Elasticity, Homogeneity, Isotropy
25%
Stress-strain relationship does depend on alignmentAnisotropic
25%
Stress-strain relationship does not depend on alignmentIsotropic
25%
Viscoelasticity: Sudden application of strain induces a stress that decreases with timeStress Relaxation
25%
Viscoelasticity: Stress-strain curve is different for loading and unloadingHysteresis
25%
Intrinsic Factors of Tendons/Ligaments (2 in alphabetical order):Load Bearing, Organization
25%
Extrinsic Factors of Tendons/Ligaments (1):Strain-rate sensitivity
25%
3 components of Connective Tissues (in alphabetical order)Cellular Components, Solid Proteins, Water
25%
Question Answer % Correct
Provides elastic/flexible element of RBCsSpectrin
25%
Provides viscous elemnt of RBCSHemoglobin
25%
Provides shell theory aspect of RBCSmembrane
25%
Membrane aspect of WBCcortical shell
25%
Dominant protein in WBCActin
25%
Solution in which WBC is swollenHypotonic
25%
Solution in which WBC is 80% wrinkledIsotonic
25%
Solution in which WBC is 100% wrinkledHypertonic
25%
Viscoelastic Models in order of complexity (least to greatest)Maxwell, Voigt, Kelvin
25%
Protein secretes matrix (collagen, elastin)Fibroblasts
25%
Protein important in extensibility of connective tissue (ligaments and tendons)Elastin
25%
Structure of: 3 alpha chains to rods to cross-linked to coilElastin
25%
Structure of: 3 alpha chains in helix to 5 tropocollagens to microfibrils to fibrilsCollagen
25%
Compound that disrupts F-actinCytochalasin
25%
3 Collagen types: ______forming collagens (with the help of another, forms the 'lattice')Network
25%
3 Collagen types: ______associated collagens (with the help of another, forms the 'lattice')Fibril
25%
3 Collagen types: ______forming collagens (major component of tendons & ligamentsFibril
25%

You're not logged in!

Compare scores with friends on all Sporcle quizzes.
Join for Free
OR
Log In

You Might Also Like...

Show Comments

Extras

Created Apr 8, 2012ReportNominate
Tags:Vocabulary Quiz

Top Quizzes Today


Score Distribution

Your Account Isn't Verified!

In order to create a playlist on Sporcle, you need to verify the email address you used during registration. Go to your Sporcle Settings to finish the process.

Report this User

Report this user for behavior that violates our Community Guidelines.

Details: